EIFAC technical paper N.54 Water quality and fish health

Spremljeno u:
Bibliografski detalji
Glavni autor: Zdenka Svobodova
Format: Knjiga
Jezik:Undetermined
Izdano: Rome FAO 1993
Teme:
Oznake: Dodaj oznaku
Bez oznaka, Budi prvi tko označuje ovaj zapis!
Thư viện lưu trữ: Trung tâm Học liệu Trường Đại học Cần Thơ
LEADER 00527nam a2200193Ia 4500
001 CTU_4057
008 210402s9999 xx 000 0 und d
082 |a 639 
082 |b E34/N.54 
100 |a Zdenka Svobodova 
245 0 |a EIFAC technical paper N.54 
245 0 |b Water quality and fish health 
245 0 |c Zdenka Svobodova, FAO 
260 |a Rome 
260 |b FAO 
260 |c 1993 
650 |a fisheries 
904 |i Nguyễn Quang Điền, 960530 
980 |a Trung tâm Học liệu Trường Đại học Cần Thơ